El aprendizaje basado en problemas : (Record no. 85139)

MARC details
000 -CABECERA
campo de control de longitud fija 00735nam a2200217 a 4500
005 - FECHA Y HORA DE LA ÚLTIMA TRANSACCIÓN
campo de control 20230418063623.0
008 - ELEMENTOS DE LONGITUD FIJA--INFORMACIÓN GENERAL
campo de control de longitud fija 010911s1999 r 000 0 eng d
020 ## - NÚMERO INTERNACIONAL NORMALIZADO PARA LIBROS
Número Internacional Estándar del Libro 9505188110
035 ## - NÚMERO DE CONTROL DEL SISTEMA
Número de control de sistema UPN01000111230
049 ## - COLECCIÓN
Colección CG
050 #4 - SIGNATURA TOPOGRÁFICA DE LA BIBLIOTECA DEL CONGRESO
Número de clasificación LB1027.42
Número de documento/Ítem T6.28
100 1# - ASIENTO PRINCIPAL--NOMBRE PERSONAL
Nombre de persona Torp, Linda
245 13 - MENCIÓN DE TÍTULO
Título El aprendizaje basado en problemas :
Resto del título desde el jardín de infantes hasta el final de la escuela secundaria /
Mención de responsabilidad, etc. Linda Torp y Sara Sage ; tr. Alcira Bixio.
260 ## - PUBLICACIÓN, DISTRIBUCIÓN, ETC.
Lugar de publicación, distribución, etc. Buenos Aires :
Nombre del editor, distribuidor, etc. Amorrortu,
Fecha de publicación, distribución, etc. 1999.
300 ## - DESCRIPCIÓN FÍSICA
Extensión 179 P. :
Otras características físicas figs.
440 #0 - MENCIÓN DE SERIE/ASIENTO SECUNDARIO--TÍTULO
Título Nueva enseñanza, nuevas prácticas
650 #2 - ASIENTO SECUNDARIO DE MATERIA - TERMINO TEMATICO
Término de materia o nombre geográfico como elemento de entrada Aprendizaje basado en problemas
9 (RLIN) 6423
650 #2 - ASIENTO SECUNDARIO DE MATERIA - TERMINO TEMATICO
Término de materia o nombre geográfico como elemento de entrada Solución de problemas
9 (RLIN) 2522
700 1# - ASIENTO SECUNDARIO--NOMBRE DE PERSONAL
Nombre de persona Sage, Sara,
Término indicativo de función/relación coaut.
905 ## - TIPO DE MATERIAL
Tipo de material Libro
Holdings
Estado de retiro Estado de pérdida Fuente del sistema de clasificación o colocación Estado dañado No para préstamo Código de colección Localización permanente Ubicación/localización actual Ubicación en estantería Fecha de adquisición Total de préstamos Renovaciones totales Clasificación Código de barras Fecha visto por última vez Fecha del último préstamo Número de copia Tipo de ítem Koha
    Library of Congress Classification     Colección General Bib. Gregorio Torres Quintero Bib. Gregorio Torres Quintero Planta baja 08/09/2022 25 1 LB1027.42 T6.28 183690 01/04/2025 28/02/2025 1 Libro
    Library of Congress Classification     Colección General Bib. Gregorio Torres Quintero Bib. Gregorio Torres Quintero Planta baja   13   LB1027.42 T6.28 184765 31/12/2020   1 Libro
    Library of Congress Classification     Colección General Bib. Gregorio Torres Quintero Bib. Gregorio Torres Quintero Planta baja 30/08/2022 15   LB1027.42 T6.28 184831 14/09/2022 30/08/2022 1 Libro
    Library of Congress Classification     Colección General Bib. Gregorio Torres Quintero Bib. Gregorio Torres Quintero Planta baja   21   LB1027.42 T6.28 187913 31/12/2020   1 Libro